Statistics for Fast Typing 1 to 100

Click here to take the quiz!

General Stats

  • This quiz has been taken 2,364,490 times
    (2,364,489 since last reset)
  • The average score is 70 of 100

Answer Stats

#% Correct
1
100%
5
99%
2
99%
4
99%
3
99%
6
98%
7
98%
8
98%
9
98%
12
96%
10
95%
11
95%
15
94%
14
94%
13
94%
17
93%
18
93%
19
93%
16
93%
21
92%
23
92%
20
91%
22
91%
24
91%
27
90%
26
90%
25
90%
28
89%
29
89%
30
88%
31
88%
32
88%
34
88%
33
87%
35
86%
36
86%
39
85%
38
85%
37
85%
40
84%
41
83%
42
83%
43
83%
44
83%
45
83%
46
80%
47
80%
48
79%
49
79%
50
78%
55
77%
51
77%
52
76%
53
75%
56
75%
54
75%
57
72%
58
71%
59
70%
60
70%
61
68%
62
67%
66
66%
63
66%
65
65%
64
65%
67
63%
68
60%
69
59%
70
59%
71
57%
72
56%
73
55%
77
54%
74
54%
75
53%
76
52%
78
52%
79
47%
80
47%
81
46%
82
44%
83
44%
88
42%
84
42%
85
41%
86
40%
87
40%
89
39%
90
38%
91
36%
92
36%
93
34%
99
34%
94
33%
95
33%
96
32%
97
31%
98
31%
100
30%

Score Distribution

Percentile by Number Answered

Percent of People with Each Score

Your Score History

You have not taken this quiz since the last reset